Advanced engineering mathematics (Record no. 2354)

000 -LEADER
fixed length control field 00457nam a22001937a 4500
001 - CONTROL NUMBER
control field 2354
003 - CONTROL NUMBER IDENTIFIER
control field BD-DhUET
008 - FIXED-LENGTH DATA ELEMENTS--GENERAL INFORMATION
fixed length control field 140922b xxu||||| |||| 00| 0 eng d
020 ## - INTERNATIONAL STANDARD BOOK NUMBER
International Standard Book Number 8121903459
040 ## - CATALOGING SOURCE
Transcribing agency 0
Modifying agency BD-DhUET
082 ## - DEWEY DECIMAL CLASSIFICATION NUMBER
Classification number 510
Item number DAS/2007
100 ## - MAIN ENTRY--PERSONAL NAME
Personal name Dass, H.K.
245 ## - TITLE STATEMENT
Title Advanced engineering mathematics
250 ## - EDITION STATEMENT
Edition statement 17th Rev. ed.
260 ## - PUBLICATION, DISTRIBUTION, ETC. (IMPRINT)
Place of publication, distribution, etc. Ram Nagar
Name of publisher, distributor, etc. S. Chand.
Date of publication, distribution, etc. 2007
300 ## - PHYSICAL DESCRIPTION
Extent xvi,1274p.
650 #0 - SUBJECT ADDED ENTRY--TOPICAL TERM
Topical term or geographic name as entry element Mathematics
942 ## - ADDED ENTRY ELEMENTS (KOHA)
Koha item type General Book
Holdings
Damaged status Shelving location Sublocation or collection (holding branch) Koha full call number Koha date last seen Piece designation (barcode) Not for loan Koha issues (times borrowed) Location (home branch) Koha item type Withdrawn status Copy number Price effective from Koha date last borrowed Date acquired Koha out on loan Koha normalized classification for sorting Lost status Source of classification or shelving scheme
 Circulation sectionCentral Library, BUET510/DAS/20072023-05-06103924 3Central Library, BUETGeneral Book 12014-09-222022-11-232014-09-22 510DAS2007  
 Circulation sectionCentral Library, BUET510/DAS/20072026-01-13103925 6Central Library, BUETGeneral Book 22014-09-222026-01-132014-09-222026-01-27510DAS2007  
 Circulation sectionCentral Library, BUET510/DAS/20072025-02-10103927 4Central Library, BUETGeneral Book 32014-09-222024-12-012014-09-22 510DAS2007  
 Circulation sectionCentral Library, BUET510/DAS/20072023-06-05103928 3Central Library, BUETGeneral Book 42014-09-222023-03-222014-09-22 510DAS2007  
 Circulation sectionCentral Library, BUET510/DAS/20072016-02-24103929 1Central Library, BUETGeneral Book 52014-09-222014-11-122014-09-22 510DAS2007  
 Circulation sectionCentral Library, BUET510/DAS/20072023-02-28103931 2Central Library, BUETGeneral Book 72014-09-222023-01-112014-09-22 510DAS2007  
 Circulation sectionCentral Library, BUET510/DAS/20072026-04-15103930 3Central Library, BUETGeneral Book 62014-09-222026-04-152014-09-222026-04-29510DAS2007  
 Circulation sectionCentral Library, BUET510/DAS/20072019-03-31103922 2Central Library, BUETGeneral Book 82015-01-262019-01-202015-01-26 510_000000000000000_DAS_2007  
 Circulation sectionCentral Library, BUET510DAS/20072025-04-07103923 2Central Library, BUETGeneral Book 92015-09-012025-03-022015-09-01 510DAS_2007_000000000000000  
 Circulation sectionCentral Library, BUET510/DAS/20072024-11-24103926 11Central Library, BUETGeneral Book 102017-05-292024-11-242007-05-282024-12-08510_000000000000000_DAS_2007